000 00813na a2200265 4500
001 14337
003 MIRAKIL
005 20181213154936.0
008 160923b tu 000 0
020 _a9786054334209
035 _a14337
040 _aMilas
_btur
_cTR-AnCHP
082 _aATA 102
_bÖ67a 2010
090 _aATA 102 Ö67a 2010
100 _aÖrs, Yaman
245 _aAtatürk, felsefe ve yaşam
_cYaman Örs, Burcu Baytemir
260 _aAnkara
_bEfil Yayınevi
_c2010
300 _axxv, 254 s.
_c19 sm.
600 _aAtatürk, Mustafa Kemal
_d1881-1938
_xSiyasal ve sosyal görüşler
600 _aAtatürk, Mustafa Kemal
_d1881-1938
_xBilim
600 _aAtatürk, Mustafa Kemal
_d1881-1938
_xFelsefe
650 _aAtatürkçülük
_xFelsefe
700 _aBaytemir, Burcu
942 _2ddc
_cBKS
999 _c3561
_d3561